<?xml version="1.0" encoding="UTF-8"?>
<record
    xmlns:xsi="http://www.w3.org/2001/XMLSchema-instance"
    xsi:schemaLocation="http://www.loc.gov/MARC21/slim http://www.loc.gov/standards/marcxml/schema/MARC21slim.xsd"
    xmlns="http://www.loc.gov/MARC21/slim">

  <leader>04958nam a2200397 i 4500</leader>
  <controlfield tag="001">000016225</controlfield>
  <controlfield tag="003">DO-SdBNP</controlfield>
  <controlfield tag="005">20260317092028.0</controlfield>
  <controlfield tag="007">ta</controlfield>
  <controlfield tag="008">100301s1905    dr      r     000 0 spa d</controlfield>
  <datafield tag="040" ind1=" " ind2=" ">
    <subfield code="a">DO-SdBNP</subfield>
    <subfield code="b">spa</subfield>
    <subfield code="c">BNPHU</subfield>
    <subfield code="e">rda</subfield>
  </datafield>
  <datafield tag="041" ind1=" " ind2=" ">
    <subfield code="a">spa</subfield>
  </datafield>
  <datafield tag="082" ind1=" " ind2="4">
    <subfield code="a">347.729305</subfield>
    <subfield code="b">L951L</subfield>
    <subfield code="2">22</subfield>
  </datafield>
  <datafield tag="100" ind1="1" ind2=" ">
    <subfield code="a">Lugo, Am&#xE9;rico</subfield>
    <subfield code="d">1870-1952</subfield>
    <subfield code="e">autor</subfield>
    <subfield code="4">aut.</subfield>
    <subfield code="9">81550</subfield>
  </datafield>
  <datafield tag="245" ind1="1" ind2="0">
    <subfield code="a">Litis Suchard-M. Des Combes &amp; Ca., defensa le&#xED;da ante la Suprema Corte de Justicia de la Rep&#xFA;blica en representaci&#xF3;n de los Sres. Montandon, Des Combes &amp; Ca. ; Recurso en casaci&#xF3;n en materia civil por ante la Suprema Corte de Justicia de la Rep&#xFA;blica en sus atribuciones de Corte de Casaci&#xF3;n , promovido contra la Sentencia de la Corte de Apelaci&#xF3;n de Santo Domingo (Antigua Suprema Corte) de fecha 21 de marzo de 1906, por los Se&#xF1;ores H. Jacot Des Combes y Montandon, Des Combes y C&#xAA; :  representados por sus abogados constituidos Licenciados, Am&#xE9;rico Lugo, Pelegrin Castillo. -- Defensa del Se&#xF1;or Enrique Jacot Des Combes en la nueva acci&#xF3;n judicial sobre el caso de los Se&#xF1;ores Montandon Des Combres &amp; CO. contra Carlos Russ-Suchard leida por su abogado constituido Lic. Pelegrin Castillo; sentencia del juez de primera instancia del Distrito Judicial de Samana: breve resumen historico de esta litis, por el Se&#xF1;or Jacot Des Combres /</subfield>
    <subfield code="c">Am&#xE9;rico Lugo, Pelegrin Castillo, Jacot Des Combes.</subfield>
  </datafield>
  <datafield tag="246" ind1=" " ind2=" ">
    <subfield code="a">Recurso en casaci&#xF3;n en materia civil por ante la Suprema Corte de Justicia de la Rep&#xFA;blica en sus atribuciones de Corte de Casaci&#xF3;n , promovido contra la Sentencia de la Corte de Apelaci&#xF3;n de Santo Domingo (Antigua Suprema Corte) de fecha 21 de marzo de 1906, por los Se&#xF1;ores H. Jacot Des Combes y Montandon, Des Combes y C&#xAA; :  representados por sus abogados contituidos Licenciados, Am&#xE9;rico Lugo, Pelegrin Castillo.</subfield>
  </datafield>
  <datafield tag="246" ind1=" " ind2=" ">
    <subfield code="a">Defensa del Se&#xF1;or Enrique Jacot Des Combes en la nueva acci&#xF3;n judicial sobre el caso de los Se&#xF1;ores Montandon Des Combres &amp; CO. contra Carlos Russ-Suchard leida por su abogado constituido Lic. Pelegrin Castillo;  sentencia del  Distrito Judicial de Saman&#xE1; I. Breve resumen hist&#xF3;rico de esta Litis por el Se&#xF1;or Jacot des Combes</subfield>
  </datafield>
  <datafield tag="264" ind1=" " ind2=" ">
    <subfield code="a">Santo Domingo :</subfield>
    <subfield code="b">La Cuna de Am&#xE9;rica,</subfield>
    <subfield code="c">1905-1914.</subfield>
  </datafield>
  <datafield tag="300" ind1=" " ind2=" ">
    <subfield code="a">1 volumen ;</subfield>
    <subfield code="c">23 cm.</subfield>
  </datafield>
  <datafield tag="336" ind1=" " ind2=" ">
    <subfield code="a">texto</subfield>
    <subfield code="b">txt</subfield>
    <subfield code="2">rdacontent</subfield>
  </datafield>
  <datafield tag="337" ind1=" " ind2=" ">
    <subfield code="a">sin mediaci&#xF3;n</subfield>
    <subfield code="b">n</subfield>
    <subfield code="2">rdamedia</subfield>
  </datafield>
  <datafield tag="338" ind1=" " ind2=" ">
    <subfield code="a">volumen</subfield>
    <subfield code="b">nc</subfield>
    <subfield code="2">rdacarrier</subfield>
  </datafield>
  <datafield tag="500" ind1=" " ind2=" ">
    <subfield code="a">Tres obras encuadernadas juntas con paginaci&#xF3;n independiente</subfield>
  </datafield>
  <datafield tag="500" ind1=" " ind2=" ">
    <subfield code="a">A la cabeza de la portada : </subfield>
  </datafield>
  <datafield tag="501" ind1=" " ind2=" ">
    <subfield code="a">Encuadernado con: Recurso en casaci&#xF3;n en materia civil por ante la Suprema Corte de Justicia de la Rep&#xFA;blica en sus atribuciones de Corte de Casaci&#xF3;n , promovido contra la Sentencia de la Corte de Apelaci&#xF3;n de Santo Domingo (Antigua Suprema Corte) de fecha 21 de marzo de 1906, por los Se&#xF1;ores H. Jacot Des Combes y Montandon, Des Combes y C&#xAA;. </subfield>
  </datafield>
  <datafield tag="505" ind1="0" ind2=" ">
    <subfield code="t">Defensa del Se&#xF1;or Enrique Jacot Des Combes en la nueva acci&#xF3;n judicial sobre el caso de los Se&#xF1;ores Montandon Des Combres &amp; CO. contra Carlos Russ-Suchard leida por su abogado constituido Lic. Pelegrin Castillo; sentencia del juez de primera instancia del Distrito Judicial de Samana: breve resumen historico de esta litis /</subfield>
    <subfield code="r">Americo Lugo, Pelegrin Castillo --</subfield>
    <subfield code="r">Jacot des Combres. --</subfield>
  </datafield>
  <datafield tag="590" ind1=" " ind2=" ">
    <subfield code="a">Inventariado, 2018/LP</subfield>
  </datafield>
  <datafield tag="650" ind1=" " ind2="0">
    <subfield code="a">Procedimiento civil</subfield>
    <subfield code="z">Rep&#xFA;blica Dominicana</subfield>
    <subfield code="9">13926</subfield>
  </datafield>
  <datafield tag="650" ind1=" " ind2="0">
    <subfield code="a">Defensa (Procedimiento civil)</subfield>
    <subfield code="9">36215</subfield>
  </datafield>
  <datafield tag="700" ind1="1" ind2=" ">
    <subfield code="a">Castillo, Pelegr&#xED;n,</subfield>
    <subfield code="9">21834</subfield>
    <subfield code="t"> Recurso en casaci&#xF3;n en materia civil por ante la Suprema Corte de Justicia de la Rep&#xFA;blica en sus atribuciones de Corte de Casaci&#xF3;n , promovido contra la Sentencia de la Corte de Apelaci&#xF3;n de Santo Domingo (Antigua Suprema Corte) de fecha 21 de marzo de 1906 /</subfield>
  </datafield>
  <datafield tag="700" ind1="1" ind2=" ">
    <subfield code="a">Jacot Des Combes, Enrique,</subfield>
    <subfield code="t">Defensa del Se&#xF1;or Enrique Jacot Des Combes en la nueva acci&#xF3;n judicial sobre el caso de los Se&#xF1;ores Montandon Des Combres &amp; CO. contra Carlos Russ-Suchard leida por su abogado constituido Lic. Pelegrin Castillo; sentencia del juez de primera instancia del Distrito Judicial de Samana: breve resumen historico de esta litis, por el Se&#xF1;or Jacot Des Combres /  Jacot Des Combes, Enrique </subfield>
    <subfield code="9">84870</subfield>
  </datafield>
  <datafield tag="740" ind1="0" ind2="2">
    <subfield code="a">Recurso en casaci&#xF3;n en materia civil por ante la Suprema Corte de Justicia de la Rep&#xFA;blica en sus atribuciones de Corte de Casaci&#xF3;n , promovido contra la Sentencia de la Corte de Apelaci&#xF3;n de Santo Domingo (Antigua Suprema Corte) de fecha 21 de marzo de 1906, por los Se&#xF1;ores H. Jacot Des Combes y Montandon, Des Combes y C&#xAA;.</subfield>
  </datafield>
  <datafield tag="740" ind1="0" ind2="2">
    <subfield code="a">Defensa del Se&#xF1;or Enrique Jacot Des Combes en la nueva acci&#xF3;n judicial sobre el caso de los Se&#xF1;ores Montandon Des Combres &amp; CO. contra Carlos Russ-Suchard leida por su abogado constituido Lic. Pelegrin Castillo; sentencia del juez de primera instancia del Distrito Judicial de Samana: breve resumen historico de esta litis</subfield>
  </datafield>
  <datafield tag="910" ind1=" " ind2=" ">
    <subfield code="a">Validado. Control de calidad MFF</subfield>
  </datafield>
  <datafield tag="942" ind1=" " ind2=" ">
    <subfield code="2">ddc</subfield>
    <subfield code="c">LBS1</subfield>
  </datafield>
  <datafield tag="952" ind1=" " ind2=" ">
    <subfield code="0">0</subfield>
    <subfield code="1">0</subfield>
    <subfield code="2">ddc</subfield>
    <subfield code="5">1</subfield>
    <subfield code="7">0</subfield>
    <subfield code="8">PD-RV</subfield>
    <subfield code="a">BNPHU</subfield>
    <subfield code="b">BNPHU</subfield>
    <subfield code="c">HD</subfield>
    <subfield code="d">2010-03-01</subfield>
    <subfield code="l">0</subfield>
    <subfield code="o">BNPHU PD-RV 347.729305 L951L</subfield>
    <subfield code="p">16225-10</subfield>
    <subfield code="r">2020-06-25</subfield>
    <subfield code="w">2020-06-25</subfield>
    <subfield code="y">LBS1</subfield>
    <subfield code="Z">No se presta</subfield>
  </datafield>
  <datafield tag="999" ind1=" " ind2=" ">
    <subfield code="c">15763</subfield>
    <subfield code="d">15763</subfield>
  </datafield>
</record>
